000 00377nam a22001697a 4500
005 20231028160354.0
008 231028b |||||||| |||| 00| 0 eng d
020 _a978936943873
041 _aeng
082 _a613.3 KOK
100 _aKOKATE C.K AND OTHERS
245 _aPHARMACOGNOSY -1
260 _aPUNE
_bNIRALI
300 _a12.23
650 _aPHARMACY
942 _cBK
999 _c8427
_d8425